Vector calculus / (Record no. 179339)
[ view plain ]
| 000 -LEADER | |
|---|---|
| fixed length control field | 00896 a2200217 4500 |
| 003 - CONTROL NUMBER IDENTIFIER | |
| control field | NUST |
| 005 - DATE AND TIME OF LATEST TRANSACTION | |
| control field | 20221121181330.0 |
| 010 ## - LIBRARY OF CONGRESS CONTROL NUMBER | |
| LC control number | 75017864 |
| 020 ## - INTERNATIONAL STANDARD BOOK NUMBER | |
| International Standard Book Number | 0716704625 |
| 040 ## - CATALOGING SOURCE | |
| Transcribing agency | Nust |
| 082 ## - DEWEY DECIMAL CLASSIFICATION NUMBER | |
| Classification number | 515.63,MAR |
| 100 1# - MAIN ENTRY--PERSONAL NAME | |
| Personal name | Marsden, Jerrold E. |
| 9 (RLIN) | 52081 |
| 245 10 - TITLE STATEMENT | |
| Title | Vector calculus / |
| Statement of responsibility, etc. | Jerrold E. Marsden and Anthony J. Tromba, with the assistance of Joanne Seitz and Michael Hoffman. |
| 260 ## - PUBLICATION, DISTRIBUTION, ETC. | |
| Place of publication, distribution, etc. | San Francisco : |
| Name of publisher, distributor, etc. | W. H. Freeman, |
| Date of publication, distribution, etc. | c1976. |
| 300 ## - PHYSICAL DESCRIPTION | |
| Extent | xiv, 449 p. : |
| Other physical details | ill. ; |
| Dimensions | 24 cm. |
| 505 ## - FORMATTED CONTENTS NOTE | |
| Formatted contents note | The Geometry of Euclidean Space (Page-1), Differentiation (Page-51), Vector-Valued Functions (Page-138), Higher-Order Derivatives Maxima and Minima (Page-171), Integration (Page-202), Integrals Over Paths and Surfaces (Page-281), Vector Analysis (Page-344). |
| 650 #0 - SUBJECT ADDED ENTRY--TOPICAL TERM | |
| Topical term or geographic name entry element | Calculus. |
| 650 #0 - SUBJECT ADDED ENTRY--TOPICAL TERM | |
| Topical term or geographic name entry element | Vector analysis. |
| 700 1# - ADDED ENTRY--PERSONAL NAME | |
| Personal name | Tromba, Anthony, |
| 9 (RLIN) | 103309 |
| 942 ## - ADDED ENTRY ELEMENTS (KOHA) | |
| Source of classification or shelving scheme | |
| Koha item type | Book |
| Call number prefix | 515.63,MAR |
| Withdrawn status | Lost status | Source of classification or shelving scheme | Damaged status | Not for loan | Permanent Location | Current Location | Shelving location | Date acquired | Total Checkouts | Full call number | Barcode | Date last seen | Date last checked out | Price effective from | Koha item type | Public note | Collection code |
|---|---|---|---|---|---|---|---|---|---|---|---|---|---|---|---|---|---|
| Military College of Signals (MCS) | Military College of Signals (MCS) | General Stacks | 12/12/2016 | 2 | 515.63,MAR | MCS20782 | 06/05/2023 | 05/26/2023 | 12/12/2016 | Book | Almirah No.13, Shelf No.5 | ||||||
| Military College of Signals (MCS) | Military College of Signals (MCS) | 12/12/2016 | 515.63 MAR | MCS7170 | 12/08/2016 | 12/12/2016 | Book | ||||||||||
| Military College of Signals (MCS) | Military College of Signals (MCS) | General Stacks | 12/12/2016 | 515.63,MAR | MCS7171 | 12/08/2016 | 12/12/2016 | Book | Almirha No 119, Shelf No 4 | ||||||||
| Military College of Signals (MCS) | Military College of Signals (MCS) | General Stacks | 12/12/2016 | 515.63,MAR | MCS7172 | 12/08/2016 | 12/12/2016 | Book | Almirha No 119, Shelf No 4 | ||||||||
| Military College of Signals (MCS) | Military College of Signals (MCS) | General Stacks | 12/12/2016 | 515.63,MAR | MCS7173 | 12/08/2016 | 12/12/2016 | Book | Almirha No 119, Shelf No 4 |
